| 000 | 00521nam a2200193Ia 4500 | ||
|---|---|---|---|
| 001 | 5149 | ||
| 003 | GE_BSU | ||
| 008 | 181216s||||||||xx |||||||||||||| ||und|| | ||
| 040 | _cGE_BSU | ||
| 100 | _aГайдуков И. И. | ||
| 245 | _aАбсолютная величина. Пособие для учителей. | ||
| 245 | _cред.Г.С.Уманский | ||
| 250 | _aИзд. 2-е | ||
| 260 | _aМосква | ||
| 260 | _bПросвещение» | ||
| 260 | _c1968 | ||
| 300 | _a96 с. 23 см. | ||
| 942 | _cBK | ||
| 999 |
_c38793 _d38793 |
||